Statistics for Kadın Nüfusun Erkek Nüfusundan Fazla Olduğu İllerimiz

Click here to take the quiz!

General Stats

  • This quiz has been taken 320 times
  • The average score is 19 of 34

Answer Stats

Erkek Nüfusu (Ortalama)İl AdıKadın Nüfusu (Ortalama)% Correct
%49,77İzmir%50,23
87%
%49,54Ankara%50,46
83%
%49,92Adana%50,08
71%
%50,00 (1.550.767)Bursa%50,00 (1.551.066)
70%
%49,54Trabzon%50,46
67%
%49,95Mersin%50,05
63%
%49,78Aydın%50,22
61%
%49,73Konya%50,27
61%
%49,97Balıkesir%50,03
60%
%49,87Eskişehir%50,13
60%
%49,46Samsun%50,54
58%
%49,86Afyonkarahisar%50,14
57%
%49,91Ordu%50,09
57%
%49,96Amasya%50,04
56%
%49,94Erzurum%50,06
55%
%49,75Sinop%50,25
55%
%49,57Zonguldak%50,43
55%
%49,84Denizli%50,16
54%
%49,66Bolu%50,34
52%
%49,53Çorum%50,47
52%
%49,75Kastamonu%50,25
52%
%49,48Bartın%50,52
51%
%49,93Yozgat%50,07
50%
%49,86Giresun%50,14
48%
%49,35Kütahya%50,65
48%
%49,56Nevşehir%50,44
48%
%49,87Uşak%50,13
47%
%49,94Aksaray%50,06
46%
%49,63Isparta%50,37
46%
%49,97Kırıkkale%50,03
46%
%49,82Malatya%50,18
45%
%49,57Elazığ%50,43
44%
%49,26Kırşehir%50,74
44%
%49,73Tokat%50,27
43%

Score Distribution

Percentile by Number Answered

Percent of People with Each Score

Your Score History

You have not taken this quiz